मध्यप्रदेश प्राथमिक शिक्षक पात्रता परीक्षा- 2020 21सेट्स पेपर -1 प्राथमिक स्तर कक्षा (I-V) (Record no. 63091)
[ view plain ]
| 000 -LEADER | |
|---|---|
| fixed length control field | 00430nam a22001097a 4500 |
| 082 ## - DEWEY DECIMAL CLASSIFICATION NUMBER | |
| Classification number | 370 |
| 100 ## - MAIN ENTRY--AUTHOR NAME | |
| Personal name | Guider |
| 245 ## - TITLE STATEMENT | |
| Title | मध्यप्रदेश प्राथमिक शिक्षक पात्रता परीक्षा- 2020 21सेट्स पेपर -1 प्राथमिक स्तर कक्षा (I-V) |
| 260 ## - PUBLICATION, DISTRIBUTION, ETC. (IMPRINT) | |
| Year of publication | 2020 |
| 650 ## - SUBJECT ADDED ENTRY--TOPICAL TERM | |
| Topical Term | शिक्षा |
| 942 ## - ADDED ENTRY ELEMENTS (KOHA) | |
| Koha item type | Hindi Books |
| Withdrawn status | Lost status | Damaged status | Not for loan | Home library | Current library | Date acquired | Cost, normal purchase price | Full call number | Accession Number | Price effective from | Koha item type |
|---|---|---|---|---|---|---|---|---|---|---|---|
| MACL | MACL | 02/09/2020 | 175.00 | 370 | GCLC00728 | 02/09/2020 | Hindi Books | ||||
| MACL | MACL | 02/09/2020 | 175.00 | 370 | GCLC00727 | 02/09/2020 | Hindi Books |









